000 00427nam a22001817a 4500
003 OSt
005 20180116183005.0
008 150806b xxu||||| |||| 00| 0 eng d
020 _a8121919630
040 _c0
082 _a657.4 SHU 2014
100 _aM. C. Shukla
245 _aCost Accounting
_cM. C. Shukla
260 _aIndia
_bS. Chand
_c2014
300 _a958 p.
_bPB
440 _aCost Accounting
942 _2ddc
_cBK
999 _c350028
_d350028